000 00330nam a22001457a 4500
003 SGT
020 _a978818038934
082 _a341.48,SIN
100 _aSINHA MANOJ KUMAR
245 _aIMPLEMENTATION BASIC HUMAN RIGHTS
260 _aGURGAON
_bLEXIS NEXIS
_c2013
300 _a300
650 _a HUMAN RIGHTS
942 _2ddc
_cBK
999 _c10171
_d10171